000 00715nam a2200181Ia 4500
003 GCL
008 140319s9999 xx 000 0 ara d
040 _aGCL /
_cGCL
082 0 4 _a216
_bم ت
100 1 _aمحمد عزت اسماعيل الطهطاوى
245 1 0 _aالتبشير والاستشراق احقاد وحملات على النبى محمد صلى الله عليه وسلم وبلاد الاسلام /
_cمحمد عزت اسماعيل الطهطاوى
260 _a[S.N] :
_bالزهراء للاعلام العربى ،
_c1991
300 _a318 ص
490 _a
650 0 4 _aالاستشراق والمستشرقون
650 0 4 _aالارساليات التبشيرية
942 _2ddc
_cBK
999 _c53524
_d53524